00684nam a22001937a 4500003000400000008004100004020001800045082002000063100001900083245013600102260003900238300001300277650002700290650004200317650005000359650003500409650001400444650003200458OSt260305b2022 |||||||| |||| 00| 0 eng d a9781800815155 a303.4834bSIL-T aSilver, Jeremy aTowards a digital renaissance :bthe evolution of creativity, values and business from cyberspace to the metaverse /cJeremy Silver aLondon :bProfile Editions,c2022. a280 p. ; aDigital transformation aInformation technology Social aspects aCreative industries Technological innovations aVirtual reality Social aspects aMetaverse aTechnology and civilization